000 00376nam a2200157Ia 4500
008 221030s9999 xx 000 0 und d
020 _a0074516108
041 _aEnglish
082 _a105.23
100 _aN. K. Bajaj
245 4 _aThe Physics of Waves & Oscilations
_cby N. K. Bajaj
260 _bTMH
_aNew Delhi
_c1992
300 _a432
650 _aPhysics
942 _cBK
999 _c6057
_d6057